Complete The Card: XWP WrestleMania 3 - Statistics

General Stats
  • This quiz has been taken 6 times
  • The average score is 28 of 68
Answer Stats
Hint Answer % Correct
XWP YouTube Heavyweight Championship Creep-E
75%
XWP 6 Man Tag Team Championship Abigor
50%
XWP World Heavyweight Championship Adam Alexsander
50%
XWP Tag Team Championship Alex Silver
50%
AWC/TWE Absolute Championship Alieus
50%
XWP Championship Angel Alexander
50%
Last Man Standing Match Anthony Payne
50%
Unsanctioned Match Arrow
50%
XWP 6 Man Tag Team Championship Basher Malone
50%
Pre-Show: Vader Memorial Rumble Brandon Wolfe
50%
Pre-Show: Vader Memorial Rumble Brendan X
50%
XWP 6 Man Tag Team Championship Curtis Stunt
50%
XWP Tag Team Championship David Mill
50%
Pre-Show: Interpromotional Match Devin Sanchez
50%
Singles Match DoggyDog
50%
Pre-Show: Vader Memorial Rumble Duncan Cunner
50%
XWP Tag Team Championship Dustin Martinez
50%
Pre-Show: Vader Memorial Rumble Jackson Montgomery
50%
Last Man Standing Match Jacob Cass
50%
XWP Hardcore Championship Jacob Steele
50%
XWP Hardcore Championship Jake Navor
50%
Pre-Show: Vader Memorial Rumble James Fatal
50%
XWP Tag Team Championship Jason Silver
50%
Pre-Show: NXT Showcase 6 Man Tag Team Match Jay Samoa
50%
XWP 6 Man Tag Team Championship Jet Omega Elliot
50%
Pre-Show: NXT Showcase 6 Man Tag Team Match Keyu
50%
Pre-Show: Vader Memorial Rumble Killer Kai
50%
Pre-Show: Interpromotional Match Lula
50%
Unsanctioned Match Mario Sanchez
50%
Singles Match Matteo
50%
XWP Cruiserweight Championship Mr. Macho
50%
XWP 6 Man Tag Team Championship Quincy Demont
50%
Pre-Show: Vader Memorial Rumble Rocky Crippler
50%
Pre-Show: NXT Showcase 6 Man Tag Team Match SDC
50%
XWP Championship Sean Avery
50%
XWP 6 Man Tag Team Championship Seth Turner
50%
XWP World Heavyweight Championship Shadow
50%
AWC/TWE Absolute Championship Shawn
50%
XWP Cruiserweight Championship Stunning Bradd
50%
Singles Match The Caretaker
50%
Singles Match The Undertaker
50%
Pre-Show: NXT Showcase 6 Man Tag Team Match TKE
50%
Pre-Show: Vader Memorial Rumble Victor X
50%
XWP Hardcore Championship Vixx
50%
Pre-Show: NXT Showcase 6 Man Tag Team Match Adrian Styles
25%
Pre-Show: Vader Memorial Rumble AJ Carter
25%
Pre-Show: Vader Memorial Rumble Benjamin Sullivan
25%
Pre-Show: Vader Memorial Rumble Big Train
25%
Pre-Show: NXT Showcase 6 Man Tag Team Match Brent Barnett
25%
XWP Intercontinental Championship Brett Storm
25%
XWP World Heavyweight Championship Cycloper
25%
Pre-Show: Vader Memorial Rumble Duke Zynda
25%
Pre-Show: Vader Memorial Rumble Flamer
25%
Pre-Show: Vader Memorial Rumble Francaios
25%
Singles Match Mahadi Khan
25%
XWP Intercontinental Championship Max Mercury
25%
XWP, IWA, ECCW Internet Championship Mike House
25%
Singles Match Mr. Black
25%
XWP, IWA, ECCW Internet Championship Nick Rich
25%
Pre-Show: Vader Memorial Rumble Phenom
25%
Pre-Show: Vader Memorial Rumble PJ Skillz
25%
XWP YouTube Heavyweight Championship Puma
25%
Pre-Show: Vader Memorial Rumble Roacher
25%
Pre-Show: Vader Memorial Rumble Rocker
25%
XWP United States Championship Vandy
25%
XWP United States Championship Zachary Welch
25%
Pre-Show: Vader Memorial Rumble Zack Thompson
25%
Pre-Show: Vader Memorial Rumble Silvio
0%
No matching quizzes found
Score Distribution
Percent of People with Each Score
Percentile by Number Answered
Your Score History
You have not taken this quiz